|
|
|
|
| LEADER |
01087nam a22002657a 4500 |
| 001 |
40423 |
| 003 |
BD-DhAAL |
| 008 |
230223t2001 ii ||||| |||| 00| 0 ben d |
| 020 |
|
|
|a 8172154216
|
| 020 |
|
|
|a 9788172154219
|
| 040 |
|
|
|a BD-DhAAL
|c BD-DhAAL
|
| 041 |
|
|
|a ben
|
| 082 |
|
|
|a 891.4414
|
| 100 |
|
|
|a সেন, সুকুমার
|
| 245 |
|
|
|a দিনের পরে দিন যে গেল /
|c সুকুমার সেন.
|
| 250 |
|
|
|a অখণ্ড সংস্করণ
|
| 260 |
|
|
|a কলকাতা :
|b আনন্দ পাবলিশার্স,
|c ২০০১.
|
| 300 |
|
|
|a ৪১৮ পৃষ্ঠা ;
|c ২৪ সে.মি.
|
| 541 |
|
|
|a Donated By Akbar Ali Khan
|e 40423
|
| 600 |
|
|
|a Sen, Sukumar
|9 53714
|
| 650 |
|
|
|a Authors, Bengali
|y 20th century
|x Biography.
|
| 852 |
|
|
|a Ayesha Abed Library
|c Akbar Ali Khan Collection
|
| 942 |
|
|
|2 ddc
|c BK
|
| 999 |
|
|
|c 45518
|d 45518
|
| 952 |
|
|
|0 0
|1 0
|2 ddc
|4 0
|6 891_441400000000000_SEN
|7 1
|9 73280
|a BRACUL
|b BRACUL
|c AAKC
|d 2023-02-23
|e Donated By Akbar Ali Khan
|g 200.00
|l 0
|o 891.4414 SEN
|p 3010040423
|r 2023-02-23
|t 1
|w 2023-02-23
|y BK
|